Представление документа в формате MARC21

ПолеНазваниеЗначение
  Тип записи a
  Библиографический уровень m
001 Контрольный номер RU/URAIT/520407
003 Принадлежность контрольного номера https://urait.ru/bcode/520407
005 Дата корректировки 20230913130133.2
008 Кодируемые данные
020 Индекс ISBN __
a ISBN 978-5-534-15212-8
c Цена, тираж 449.00
040 Источник каталогиз. __
a Служба первич. каталог. ИКО Юрайт
b Код языка каталог. rus
c Служба, преобразующая запись ИКО Юрайт
041 Код языка издания 0_
a Код языка текста rus
044 Код страны публикации __
a Код страны публикации RU
073 _1
a 9785534152128
d 449.00
080 Индекс УДК __
a Индекс УДК 615.211(075.8)
084 Индекс другой классификации/Индекс ББК __
a Индекс другой классификации/Индекс ББК 52.81я73
2 Источник индекса rubbk
091 Индексы/ коды __
a Индекс ББК (DOS) 52.81я73
z rubbk
100 Автор 1_
a Автор Перепелица С. А.
q Полное имя Светлана Александровна
230 __
a Электрон. дан.
245 Заглавие 00
a Заглавие Анестезиология и реаниматология (боль и обезболивание)
b Продолж. заглавия учебное пособие
c Ответственность С. А. Перепелица [и др.] ; под редакцией С. А. Перепелицы, В. Т. Долгих, А. Н. Кузовлева.
260 Выходные данные 1_
a Место издания Москва
b Издательство Юрайт
c Дата издания 2023
300 Физическое описание __
a Объем 131 с
440 Серия _0
a Серия Высшее образование
500 Примечания __
a Примечание URL: https://urait.ru/bcode/520407 (дата обращения: 13.09.2023).
520 Аннотация __
a Аннотация Курс направлен на изучение важнейших разделов клинической патофизиологии, анестезиологии и реаниматологии боли и обезболивания. С самой современной точки зрения рассматриваются вопросы этиологии и нейрофизиологии боли, механизмы развития боли. Особое внимание уделено вопросам классификации боли и болевых синдромов. Последовательно излагаются принципы обезболивания с подробным анализом препаратов, применяемых для лечения пациентов с нейропатической болью. Особое внимание акцентируется на принципах оценки эффективности лечения болевых синдромов. В завершение предложены типовые ситуационные задачи с эталонами ответов. Курс отличается последовательным и логическим изложением важнейших разделов общей и частной алгологии, конкретностью, простотой и практической направленностью. Содержание соответствует требованиям федерального государственного стандарта высшего образования. Курс предназначен для студентов высших учебных заведений, обучающихся по медицинским направлениям, ординаторов, аспирантов, преподавателей и врачей различных специальностей.
538 Прим. о системных особенностях __
a Прим. о системных особенностях Режим доступа: Электронно-библиотечная система Юрайт, для авториз. пользователей
653 Ключевые слова 2_
a Ключевые слова Медицина. Здравоохранение
653 Ключевые слова 2_
a Ключевые слова Естественные науки
653 Ключевые слова 2_
a Ключевые слова Местное обезболивание и анестезиология в стоматологии
653 Ключевые слова 2_
a Ключевые слова Основы реаниматологии
653 Ключевые слова 2_
a Ключевые слова Анестезиология и реаниматология
653 Ключевые слова 2_
a Ключевые слова Лечение боли
653 Ключевые слова 2_
a Ключевые слова Реаниматология
653 Ключевые слова 2_
a Ключевые слова Анестезиология - реаниматология
653 Ключевые слова 2_
a Ключевые слова Местное обезболивание в стоматологии
653 Ключевые слова 2_
a Ключевые слова Анестезиология и реаниматология в акушерстве и гинекологии
653 Ключевые слова 2_
a Ключевые слова Боль у детей, средства и способы защиты
653 Ключевые слова 2_
a Ключевые слова Анестезиология, реаниматология, интенсивная терапия в онкологии
653 Ключевые слова 2_
a Ключевые слова Анестезиология и реаниматология в стоматологии
653 Ключевые слова 2_
a Ключевые слова Методы анестезии при пластических операциях
653 Ключевые слова 2_
a Ключевые слова Методы обезболивания в челюстно-лицевой области. хирургическая стоматология. удаление зубов. Общие и местные осложнения
653 Ключевые слова 2_
a Ключевые слова Наркозно-дыхательная и контрольно-диагностическая аппаратура
653 Ключевые слова 2_
a Ключевые слова Общая реаниматология
653 Ключевые слова 2_
a Ключевые слова Профилактика в работе врача-анестезиолога-реаниматолога
653 Ключевые слова 2_
a Ключевые слова Клиническая практика по анестезиологии-реаниматологии
653 Ключевые слова 2_
a Ключевые слова Реаниматология интенсивная терапия
653 Ключевые слова 2_
a Ключевые слова Сестринское дело в анестезиологии и реаниматологии
653 Ключевые слова 2_
a Ключевые слова Терапия острой и хронической боли
653 Ключевые слова 2_
a Ключевые слова Анестезиология и неотложная помощь
653 Ключевые слова 2_
a Ключевые слова Реаниматология и интенсивная терапия
653 Ключевые слова 2_
a Ключевые слова Общая анестезиология
653 Ключевые слова 2_
a Ключевые слова Частная анестезиология
653 Ключевые слова 2_
a Ключевые слова Физиология боли
700 Другие авторы 1_
a Другие авторы Долгих В.
q Полное имя Владимир
700 Другие авторы 1_
a Другие авторы Кузовлев А. Н.
q Полное имя Артем Николаевич
700 Другие авторы 1_
a Другие авторы Ершов А. В.
q Полное имя Антон Валерьевич
700 Другие авторы 1_
a Другие авторы Разживин В. П.
q Полное имя Владимир Петрович
856 Электронный адрес документа 40
n Местонахождение сервера Юрайт
g Электронная книга
q Тип электронного формата html
h Имя пользователя ЮРАЙТ
v Часы доступа к ресурсу 20251231
2 Способ доступа Показать документ
x Служебное примечание https://urait.ru/book/cover/C9F235C0-AF15-4BB7-A01C-A8CC61FC744F
u URL https://urait.ru/bcode/520407
856 Электронный адрес документа 41
q Тип электронного формата cover
u URL https://urait.ru/book/cover/C9F235C0-AF15-4BB7-A01C-A8CC61FC744F